Confederación Española de Familias de Personas Sordas

Biblioteca

Vista normal Vista MARC
  • International Expert Meeting on Legislation for Equalization of Opportunities for People with Disabilities

Entrada Nombre congreso

Número de registros utilizados en: 1

001 - NÚMERO DE CONTROL

  • campo de control: 1219

003 - IDENTIFICADOR DEL NÚMERO DE CONTROL

  • campo de control: ES-MaFIAP

005 - FECHA Y HORA DE LA ÚLTIMA TRANSACCIÓN

  • campo de control: 20231010085032.0

008 - DATOS DE LONGITUD FIJA

  • campo de control de longitud fija: 231010|| aca||aabn | a|a d

040 ## - FUENTE DE LA CATALOGACIÓN

  • Centro catalogador/agencia de origen: ES-MaFIAP
  • Centro/agencia transcriptor: ES-MaFIAP

111 ## - ENCABEZAMIENTO--NOMBRE DE CONGRESO/REUNIÓN

  • Nombre de congreso/reunión o jurisdicción como elemento de entrada: International Expert Meeting on Legislation for Equalization of Opportunities for People with Disabilities

670 ## - FUENTE DE DATOS ENCONTRADOS

  • Cita de la fuente: Work cat.: (ES-MaFIAP)286: International Expert Meeting on Legislation for Equalization of Opportunities for People with Disabilities, Informe de la reunión internacional de expertos en legislación para la igualdad de oportunidades de las personas con discapacidad : , 1998

Esta web es posible gracias a:

Ministerio de Asuntos Sociales y Agenda 2030 Ministerio de Asuntos Sociales y Agenda 2030 Fundación ONCE

© FIAPAS 2015 | Servicio Telesor Aviso Legal y Política de Privacidad | Política de cookies | Acerca de FIAPAS
Confederación Española de Familias de Personas Sordas - C/ Pantoja, 5 (Local) – 28002 Madrid – / Tel: 91 576 51 49 – Fax: 91 576 57 46

Con tecnología Koha